En un lugar incierto (Registro nro. 785)
[ vista simple ]
| 000 -CABECERA | |
|---|---|
| fixed length control field | 00301nam a22001217a 4500 |
| 001 - NUMERO DE CONTROL | |
| control field | 60253 |
| 003 - CONTROL NUMBER IDENTIFIER | |
| control field | AR-BeUNQ |
| 005 - FECHA Y HORA DE LA ULTIMA TRANSACCION | |
| control field | 20230309181619.0 |
| 245 01 - MENCION DE TITULO | |
| Título | En un lugar incierto |
| Otra información sobre el título | selección de textos |
| Mención de responsabilidad, etc | Lanteri, Silvia |
| Medio físico | libro |
| 250 01 - MENCION DE EDICION | |
| Mención de edición | 2 a reim. |
| 260 ## - PUBLICACION, DISTRIBUCION, ETC. | |
| Lugar de publicación, distribución, etc. | Buenos Aires: |
| Nombre del editor, distribuidor, etc. | Ediciones Sm , |
| Fecha de publicación, distribución, etc | 2015. |
| 942 ## - ELEMENTOS DE PUNTO DE ACCESO ADICIONAL (KOHA) | |
| Tipo de ítem Koha | Libros |
No hay ítems disponibles.